000 00496nam a22002297a 4500
003 UA-OsUOA
001 30377
007 ta
008 20041109b un ||||| |||| 00| 0 ukr d
090 _a9266
_bМ27
942 _cBK
040 _aUA-OsUOA
_brus
_cUA-OsUOA
_dUA-OsUOA
245 _aМаркс - историк
300 _a712 с.
955 _a0
041 _arus
080 _a9266
260 _aМосква
_bНаука
_c1968
044 _aRU
650 7 _2UDC
999 _c316788
_d316788